01577naa a2200157 a 450000100080000000500110000800800410001910000170006024502220007726000090029952009080030865300260121665300190124265300230126177301350128411205692014-04-11 2007 bl uuuu u00u1 u #d1 aMELLO, M. A. aO desenvolvimento rural do Oeste de Santa Catarinabuma an??lise a partir da perspectiva te??rica da globaliza????o do sistema agroalimentar e da localiza????o e diversidade dos espa??os rurais.h[electronic resource] c2007 aO progresso t??cnico e a moderniza????o da agricultura t??m provocado profundas transforma????es socioecon??micas e ambientais do espa??o rural. Sob a perspectiva do desenvolvimento rural uma importante quest??o ?? como interpretar teoricamente tais transforma????es. Desta forma, este trabalho pretende cotejar as elabora????es te??ricas que buscam dar conta da interpreta????o da reestrutura????o capitalista da agricultura a partir da perspectiva te??rica da globaliza????o da economia e dos sistemas agroalimentares com a da localiza????o e diversidade dos espa??os rurais. Com base no caso do Oeste de Santa Catarina o objetivo deste trabalho ?? analisar e identificar em que medida cada uma dessas perspectivas te??ricas contribui nas explica????es a respeito da reestrutura????o capitalista da agricultura e nas estrat??gias de reprodu????o social e econ??mica adotadas pela agricultura familiar. aDesenvolvimento rural aEconomia Rural aProgresso t??cnico tIn: CONGRESSO BRASILEIRO DE ECONOMIA, ADMINISTRA????O E SOCIOLOGIA RURAL, 45., 2007, Londrina, PR. Anais... Brasilia: SOBER, 2007.